00803nam a2200181 a 45000010005000000030009000050080041000140400028000550820015000831000024000982450068001222600048001903000010002385050240002486500028004886500042005166500063005581386CO-ViMGA141112s2004 ck r 000 u spa d aCO-ViMGAbspacCO-ViMGA04a323.6 G6591 aGonzalez, Esperanza10aManual sobre participacion y organizacion para la gestion local aCali : bForo Nacional por Colombia, c1995 a133 p aLa participación ciudadana en la gestión local 14 - - El marco legal de la participación 22 - - Cómo participar en la gestión local 50 - - La organización social 94 - - Las organizaciones sociales y la gestión local 116 14aORGANIZACIONES SOCIALES14aPARTICIPACION CIUDADANA - LEGISLACION14aPARTICIPACION COMUNITARIA - JUNTAS ADMINISTRADORAS LOCALES